Biblioteca

El pentecostalismo en Colombia : prácticas religiosas, liderazgo y participación política / Editado por Clemencia Tejeiro Sarmiento. (Registro nro. 44296)

Detalles MARC
000 -LÍDER
Campo fijo de descripción fija 022770000a22002050004500
020 ## - NÚMERO INTERNACIONAL NORMALIZADO PARA LIBROS
Número Internacional Normalizado del libro 978-958806372-0
082 04 - NÚMERO DE CLASIFICACIÓN DECIMAL DEWEY
Número de clasificación G 270.8286 P4191p
001 - NÚMERO DE CONTROL
Campo de control 17646
245 10 - TÍTULO
Título del Material El pentecostalismo en Colombia : prácticas religiosas, liderazgo y participación política / Editado por Clemencia Tejeiro Sarmiento.
260 ## - PUBLICACIÓN, DISTRIBUCIÓN, ETC. (PIE DE IMPRENTA)
Lugar de publicación, distribución, etc. Bogotá : Universidad Nacional de Colombia. Facultad de Ciencias Humanas. Centro de Estudios Sociales.
300 ## - DESCRIPCIÓN FÍSICA
Extensión 342 p.
336 ## - CONTENT TYPE
Content type term texto
Content type code txt
Source rdacontent
337 ## - MEDIA TYPE
Source rdamedia
Media type term sin mediación
Media type code n
338 ## - CARRIER TYPE
Source rdacarrier
Carrier type term volumen
Carrier type code nc
505 00 - NOTA DE CONTENIDO
Nota de contenido con formato preestablecido El pentecostalismo en el contexto del cambio social y religioso en América Latina y Colombia / Clemencia Tejeiro Sarmiento -- El pentecostalismo y su llegada a América Latina y a Colombia / Jorge Ravagli -- Hipótesis socio-históricas sobre el ascenso del movimiento pentecostal en Colombia ; La expansión pentecostal en Colombia : una revisión del estado del arte / William Mauricio Beltrán -- Interpretaciones y perspectivas de estudio del pentecostalismo latinoamericano / Jeiman David López Amaya -- La construcción retórica del milagro : análisis del discurso religioso neopentecostal / Sandra M. Ríos -- Música, fervor y construcción de identidad : evolución de la expresión musical en la Iglesia Pentecostal Unida de Colombia / Jorge Ravagli -- El don de profecía en la Iglesia de Dios Ministerial de Jesucristo Internacional / Gina Marcela Reyes -- Participación política de los movimientos e iglesias pentecostales : un tema reciente de investigación / Gina Marcela Reyes y Clemencia Tejeiro -- Trayectorias y agendas de mujeres pentecostales en la política : los casos del Movimiento Unión Cristiana y del Partido Nacional Cristiano : Colombia (1991-2005) / Ivón Natalia Cuervo Fernández -- El papel del carisma en la movilización religiosa hacia la participación política ; Dinámicas de crecimiento y comportamiento electoral del Movimiento Independiente de Renovación Absoluta (MIRA) / Gina Marcela Reyes.
650 14 - ASIENTO SECUNDARIO DE MATERIA - TERMINO TEMÁTICO
Término temático o nombre geográfico como elemento de entrada PENTECOSTALISMO - AMERICA LATINA \ PENTECOSTALISMO - COLOMBIA \ PENTECOSTALISMO - ASPECTOS POLITICOS \ IGLESIA PENTECOSTAL \ CRISTIANISMO Y POLITICA
700 1# - ASIENTO SECUNDARIO - NOMBRE PERSONAL
Nombre personal Tejeiro Sarmiento, Clemencia; ed.
942 ## - TIPO DE MATERIAL (KOHA)
Tipo de Item KOHA Libros General
Existencias
Estado de Material Estado de Perdido Forma de Clasificación Estado de Dañado No para Préstamo Colección Tomo Biblioteca de Origen Biblioteca Permanente Fecha de Adquisición Total de Préstamos Total de Renovaciones Signatura Topográfica Código de Barras Última vez visto Última vez Préstado Ejemplar/Existencia Fecha de Remplazo Tipo de Material
    Dewey Decimal Classification     Colección General   Biblioteca FUSBC Biblioteca FUSBC 31/07/2012 19 5 G 270.8286 P4191p 17659 21/02/2026 09/02/2026 1 26/01/2016 Libros General

Biblioteca FUSBC | Teléfono: (57+4) 349 88 10 Ext. 141| WhatsApp (+57) 3005338115 
E-mail: biblioteca@unisbc.edu.co | Calle 76 87-14 Robledo Palenque, Medellín, Colombia

Con tecnología Koha